| 000 | 00859nab a2200253 u 4500 | ||
|---|---|---|---|
| 001 | 20026 | ||
| 003 | HDC | ||
| 007 | cr bn ---aaaaa | ||
| 008 | 210303c |r|noo 0 a d | ||
| 040 | _aHDC | ||
| 100 |
_aOmar Obeidat, _eauthor _918235 |
||
| 245 | 0 |
_aINDUSTRIALISTS CALL FOR EXPANDING RULES OF ORIGIN DEAL WITH EU / _cby Omar Obeidat |
|
| 260 |
_a[No place] : _b[publisher not identified], _c2016 |
||
| 336 |
_atext _2rdacontent |
||
| 337 |
_acomputer _2rdamedia |
||
| 338 |
_aonline resource _2rdacarrier |
||
| 650 |
_aExport _94753 |
||
| 650 |
_aFood manufacturing _96301 |
||
| 710 | _aTHE JORDAN TIMES | ||
| 856 | _zRequest full-text at [email protected] | ||
| 942 | _2lcc | ||
| 942 | _cNEWS | ||
| 942 | _kNWSO 009903 | ||
| 999 |
_c17342 _d17342 |
||